00590nam a2200157 a 450000100100000000500170001000800410002704000250006811000650009324501250015826000370028330000200032049000290034070000380036983000250040700002912520200930055340.0110413s2005 dr 000 0 spa d aDO-SdBNPbspacBNPHU2 aCentro Nacional de Investigaciones en Salud Materno Infantil00aMortalidad materna. ¿Una problemática en aumento en la República Dominicana? /cEditor Jeannette Báez Tellería. aSanto Domingo :bCENISMI,c2005. a23 p. ;c28 cm.1 aReuniones técnicasv111 aBáez Tellería, Jeannetteeed. 0aReuniones técnicas